Visualizzazione normale
Vista MARC
- Sacra Scrittura. Studi sul Vecchio Testamento
di Genre/Form Term
Records bibliografici associati: 3
001 - CONTROL NUMBER
- control field: 56786
003 - CONTROL NUMBER IDENTIFIER
- control field:
005 - DATE AND TIME OF LATEST TRANSACTION
- control field: 20180120142500.0
008 - FIXED-LENGTH DATA ELEMENTS
- fixed length control field: 180120|| aca||aabn | a|a d
040 ## - CATALOGING SOURCE
- Original cataloging agency:
- Transcribing agency:
155 ## - HEADING--GENRE/FORM TERM
- Genre/form term: Sacra Scrittura. Studi sul Vecchio Testamento
- General subdivision: Profeti maggiori.
670 ## - SOURCE DATA FOUND
- Source citation: Work cat.: ()0: Isaia :, ©2016.